00400nam a2200133Ia 4500008004100000082001400041100001800055245003200073260002000105600002000125942000700145952009700152999001700249241002s9999 xx 000 0 und d a370.1 BOD aBode, Boyd H. 0aModern Educational Theories aNew York:c1927 aSocial Sciences cUC 00104070aUITUbUITUd1994-01-01l0o370.1 BODpUC206r2024-10-02 09:31:12w2024-10-02yUC c18533d18533